000 00650nam a2200193 i 4500
001 21040
003 ES-MaACL
005 20230906152416.0
007 t|
008 021120s1972 sp |||| | spa d
100 1 _aAlas, Leopoldo
_d1852-1901
_9226375
245 1 0 _aPreludios de "Clarín" /
_cLeopoldo Alas ; estudio preliminar, selección y notas por Jean-François Botrel.
260 _aOviedo :
_bInstituto de Estudios Asturianos,
_c1972.
300 _aLXXIII, 244 p. ;
_c25 cm.
700 1 _aBotrel, Jean-François.
_930790
710 2 _aInstituto de Estudios Asturianos.
_94889
852 _aES-MaACL
_jC-50783
999 _c21040
_d21040